<?xml version="1.0" encoding="UTF-8"?>
<record
    xmlns:xsi="http://www.w3.org/2001/XMLSchema-instance"
    xsi:schemaLocation="http://www.loc.gov/MARC21/slim http://www.loc.gov/standards/marcxml/schema/MARC21slim.xsd"
    xmlns="http://www.loc.gov/MARC21/slim">

  <leader>01754nam a22003377a 4500</leader>
  <controlfield tag="001">9405</controlfield>
  <controlfield tag="003">FISKH</controlfield>
  <controlfield tag="005">20260105141256.0</controlfield>
  <controlfield tag="008">260105b        cb ||||| |||| 00| 0 eng d</controlfield>
  <datafield tag="020" ind1=" " ind2=" ">
    <subfield code="a">9789995054090</subfield>
  </datafield>
  <datafield tag="020" ind1=" " ind2=" ">
    <subfield code="a"> 9995054094</subfield>
  </datafield>
  <datafield tag="040" ind1=" " ind2=" ">
    <subfield code="a">FISKH</subfield>
    <subfield code="b">khr</subfield>
    <subfield code="c">FISKH</subfield>
    <subfield code="d">FISKH</subfield>
  </datafield>
  <datafield tag="050" ind1=" " ind2=" ">
    <subfield code="a">PZ7 </subfield>
  </datafield>
  <datafield tag="082" ind1=" " ind2=" ">
    <subfield code="a">940</subfield>
  </datafield>
  <datafield tag="100" ind1=" " ind2=" ">
    <subfield code="a">Hoestland , Joe </subfield>
  </datafield>
  <datafield tag="245" ind1=" " ind2=" ">
    <subfield code="a">&#x179F;&#x17C6;&#x1794;&#x17BB;&#x178F;&#x17D2;&#x179A;&#x179A;&#x1794;&#x179F;&#x17CB;&#x179F;&#x17B6;&#x179C;&#x17B8;&#x178F;&#x17B6; /</subfield>
    <subfield code="c">By Joe Hoestland</subfield>
  </datafield>
  <datafield tag="260" ind1=" " ind2=" ">
    <subfield code="a">Phnom Penh : </subfield>
    <subfield code="b">3D Graphics Publishing , </subfield>
    <subfield code="c">2006 .</subfield>
  </datafield>
  <datafield tag="300" ind1=" " ind2=" ">
    <subfield code="a">32 pages : </subfield>
    <subfield code="b">color illustrations ; </subfield>
    <subfield code="c">20 cm . </subfield>
  </datafield>
  <datafield tag="490" ind1=" " ind2=" ">
    <subfield code="a">&#x1781;&#x17D2;&#x1789;&#x17BB;&#x17C6;&#x1785;&#x1784;&#x17CB;&#x17A2;&#x17B6;&#x1793;</subfield>
  </datafield>
  <datafield tag="505" ind1=" " ind2=" ">
    <subfield code="a">R 
</subfield>
  </datafield>
  <datafield tag="520" ind1=" " ind2=" ">
    <subfield code="a">&#x179F;&#x17B6;&#x179C;&#x17B8;&#x178F;&#x17B6;&#x179A;&#x179F;&#x17CB;&#x1793;&#x17C5;&#x1794;&#x17D2;&#x179A;&#x1791;&#x17C1;&#x179F;&#x17A5;&#x178E;&#x17D2;&#x178C;&#x17B6;&#x200B;&#x1780;&#x17D2;&#x1793;&#x17BB;&#x1784;&#x1795;&#x17D2;&#x1785;&#x17C7;&#x178A;&#x17CF;&#x179F;&#x17D2;&#x1780;&#x17B9;&#x1798;&#x179F;&#x17D2;&#x1780;&#x17C3;&#x1798;&#x17BD;&#x1799;&#x200B; &#x17D4; &#x1794;&#x17C9;&#x17BB;&#x1793;&#x17D2;&#x178F;&#x17C2;&#x1795;&#x17D2;&#x1791;&#x17C7;&#x1793;&#x17C4;&#x17C7;&#x1798;&#x17B7;&#x1793;&#x1798;&#x17C2;&#x1793;&#x1787;&#x17B6;&#x179A;&#x1794;&#x179F;&#x17CB;&#x1793;&#x17B6;&#x1784;&#x1791;&#x17C1; &#x17D4; &#x1793;&#x17B6;&#x1784;&#x1792;&#x17D2;&#x179C;&#x17BE;&#x1780;&#x17B6;&#x179A;&#x1787;&#x17B6;&#x17A2;&#x17D2;&#x1793;&#x1780;&#x1794;&#x1798;&#x17D2;&#x179A;&#x17BE;&#x1782;&#x17C1;&#x1793;&#x17C5;&#x1791;&#x17B8;&#x1793;&#x17C4;&#x17C7; &#x17D4; &#x1790;&#x17D2;&#x1784;&#x17C3;&#x1798;&#x17BD;&#x1799;&#x1793;&#x17B6;&#x1784;&#x1791;&#x1791;&#x17BD;&#x179B;&#x1794;&#x17B6;&#x1793;&#x179F;&#x17C6;&#x1794;&#x17BB;&#x178F;&#x17D2;&#x179A;&#x1798;&#x17BD;&#x1799;&#x178F;&#x17C2;&#x1793;&#x17B6;&#x1784;&#x1798;&#x17B7;&#x1793;&#x1785;&#x17C1;&#x17C7;&#x17A2;&#x17B6;&#x1793;&#x1791;&#x17C1; &#x17D4; &#x178F;&#x17BE;&#x1793;&#x179A;&#x178E;&#x17B6;&#x1787;&#x17B6;&#x17A2;&#x17D2;&#x1793;&#x1780;&#x179F;&#x179A;&#x179F;&#x17C1;&#x179A;&#x179C;&#x17B6; ? </subfield>
  </datafield>
  <datafield tag="520" ind1=" " ind2=" ">
    <subfield code="a">Savita lived in a big mansion in India. However, it was not her own house. She was a maid there. One day, she received a letter, but she couldn't read. Who wrote this letter?</subfield>
  </datafield>
  <datafield tag="521" ind1="8" ind2=" ">
    <subfield code="a">680&#x200B;
</subfield>
    <subfield code="b">Lexile estimate 
</subfield>
  </datafield>
  <datafield tag="521" ind1="8" ind2=" ">
    <subfield code="a">R 
</subfield>
    <subfield code="b">Raz-Plus 
</subfield>
  </datafield>
  <datafield tag="650" ind1=" " ind2=" ">
    <subfield code="a">&#x179F;&#x17C6;&#x1794;&#x17BB;&#x178F;&#x17D2;&#x179A;&#x179A;&#x1794;&#x179F;&#x17CB;&#x179F;&#x17B6;&#x179C;&#x17B8;&#x178F;&#x17B6; </subfield>
    <subfield code="v">&#x179A;&#x17BF;&#x1784;&#x1793;&#x17B7;&#x1791;&#x17B6;&#x1793;&#x1780;&#x17BB;&#x1798;&#x17B6;&#x179A;</subfield>
  </datafield>
  <datafield tag="650" ind1=" " ind2=" ">
    <subfield code="a">Savita's Letter </subfield>
    <subfield code="v">Children's Stories </subfield>
  </datafield>
  <datafield tag="700" ind1=" " ind2=" ">
    <subfield code="a">Sithy , Hok </subfield>
    <subfield code="e">Illustrator </subfield>
  </datafield>
  <datafield tag="700" ind1=" " ind2=" ">
    <subfield code="a">Sontepheap , Lim</subfield>
    <subfield code="e">Illustrator </subfield>
  </datafield>
  <datafield tag="942" ind1=" " ind2=" ">
    <subfield code="2">ddc</subfield>
    <subfield code="c">KHB</subfield>
    <subfield code="n">0</subfield>
  </datafield>
  <datafield tag="999" ind1=" " ind2=" ">
    <subfield code="c">9405</subfield>
    <subfield code="d">9405</subfield>
  </datafield>
  <datafield tag="952" ind1=" " ind2=" ">
    <subfield code="0">0</subfield>
    <subfield code="1">0</subfield>
    <subfield code="2">ddc</subfield>
    <subfield code="4">0</subfield>
    <subfield code="7">0</subfield>
    <subfield code="8">KH</subfield>
    <subfield code="a">002</subfield>
    <subfield code="b">002</subfield>
    <subfield code="c">TTP Khmer</subfield>
    <subfield code="d">2026-01-05</subfield>
    <subfield code="l">0</subfield>
    <subfield code="o">HOE PZ7 940</subfield>
    <subfield code="p">2026-0001</subfield>
    <subfield code="r">2026-01-05 14:12:51</subfield>
    <subfield code="w">2026-01-05</subfield>
    <subfield code="y">KHB</subfield>
  </datafield>
</record>
